• 首页
  • 本馆介绍
  • 公告通知
  • 最新文献
  • 馆藏检索
  • 电子资源
  • 读者导购
  • 参考咨询
  • 我的图书馆
  • 登录
  • 详细信息显示
  • 放入我的书架
  • 预约/预借图书
  • 作者相关作品
  • 分类相关作品
  • 丛书相关作品
  • 出版社相关作品

书目信息

  • 表格格式
  • 工作单格式
  • 卡片格式
题名:
美洲历史
    
 
作者: 许海山 主编
分册:  
出版信息: 北京   线装书局  2006
页数: 14,540页
开本: 26cm
丛书名:
单 册:
中图分类: K700
科图分类:
主题词: 历史
电子资源:
ISBN: 7-80106-609-X
000 00895nam0 2200289 450
000 00924nam0 2200289 450
000 00857nam0 2200265 450
000 00821nam0 2200253 45
005 20070518160519.01
010    @a 7-80106-609-X@dCNY95.00
100    @a20070313d2006 em y0chiy0120 ea
101 0  @achi
102    @aCN@b110000
105    @ay z 000yy
200 1  @a美洲历史@Amei zhou li shi@History of America@f许海山主编@zeng
210    @a北京@c线装书局@d2006
215    @a14,540页@d26cm
312    @a封面英文题名:The history of America@zeng
330    @a本书对南美和北美的历史分别叙述,上部讲述南美史(拉丁美洲史),下部讲述北美史(美国与加拿大史)。
510 1  @aHistory of America@zeng
606 0  @a历史
607    @a美洲
607    @a美洲@x历史
690    @aK700@v4
701  0 @a许海山@Axu hai shan@4主编
801  0 @aCN@bTAOJIN@c20070518
905    @a10447@dK700@e9
    
    美洲历史/许海山主编.-北京:线装书局,2006
    14,540页;26cm
    
    
    ISBN 7-80106-609-X:CNY95.00
    本书对南美和北美的历史分别叙述,上部讲述南美史(拉丁美洲史),下部讲述北美史(美国与加拿大史)。
●
相关链接 在E读中查询图书 在五车中查询图书 在当当中查询图书 在豆瓣中查询图书


正题名:美洲历史     索取号:K700/9         预约/预借

序号 登录号 条形码 馆藏地/架位号 状态 备注
1 0521712   205217120   第二样本阅览室/ [索取号:K700/9] 在馆    
2 0521713   205217139   密集书库/ [索取号:K700/9] 在馆    
3 0521714   205217148   第二借阅区/ [索取号:K700/9] 在馆    
4 0521715   205217157   第二借阅区/ [索取号:K700/9] 在馆    
5 0521716   205217166   第二借阅区/ [索取号:K700/9] 在馆    
6 0521717   205217175   密集书库/ [索取号:K700/9] 在馆    
7 0521718   205217184   第二借阅区/ [索取号:K700/9] 在馆    
8 0521719   205217193   密集书库/ [索取号:K700/9] 在馆    
9 0521720   205217200   密集书库/ [索取号:K700/9] 在馆    
唐山师范学院图书馆 欢迎您!
大连网信软件有限公司© 版权所有